Taylor Swift or Shakespeare? #7 - Statistics

General Stats
  • This quiz has been taken 45 times
  • The average score is 9 of 13
Answer Stats
Question Answer % Correct
''More than over-shoes in love'' Shakespeare
84%
"He deserves that name" Shakespeare
81%
"The butterflies turned to dust" Taylor Swift
76%
"Till I found it to be true I never thought it possible" Shakespeare
73%
"In riddles and affairs of death" Shakespeare
70%
"Every single thing to come has turned into ashes" Taylor Swift
70%
"How the kingdom lights shined" Taylor Swift
70%
"Did some bird flap its wings over in Asia?" Taylor Swift
68%
"Did I never speak of all that time?" Shakespeare
65%
"Vultures circling dark clouds" Taylor Swift
62%
"Spineless in my tomb of silence" Taylor Swift
62%
''I’ll drink the words you send'' Shakespeare
59%
"A crook who was caught" Taylor Swift
41%
No matching quizzes found
Score Distribution
Percent of People with Each Score
Percentile by Number Answered
Your Score History
You have not taken this quiz